000 00438nab a2200145Ia 4500
003 ES-SlBCS
005 20210601125230.0
008 140529s1972 xxu||||| |||| 00| 0 eng d
041 _aeng
100 1 _aDinneen, John A.
_950641
245 0 0 _aWhat Austin Does with Words
_c John A. Dinneen
650 0 4 _aAustin-Palabras
_9155726
773 0 _tPhilosophy and Phenomenological Research
_gvol. 32, 1972, págs. 514-523
_wRev1411
942 _cAR
999 _c526920
_d526920